| 000 | 00376nam a22001457a 4500 | ||
|---|---|---|---|
| 020 | _a9788129703507 | ||
| 040 | _cNust | ||
| 082 |
_a621.3845 _bSCH |
||
| 100 |
_aJochen Schiller _9730 |
||
| 245 | _aMobile communications | ||
| 250 | _a2nd Edition | ||
| 260 |
_aNew York: _bPearson education services, _c2003. |
||
| 650 |
_aMobile communications _969163 |
||
| 942 |
_2ddc _cBK |
||
| 999 |
_c610896 _d610896 |
||